Spline regression models (Record no. 3569)

MARC details
000 -LEADER
fixed length control field 00542nam a2200193Ia 4500
020 ## - INTERNATIONAL STANDARD BOOK NUMBER
ISBN 0-7619-2420-5
082 ## - DEWEY DECIMAL CLASSIFICATION NUMBER
Classification number 300.1519536 MAR-S
100 ## - MAIN ENTRY--AUTHOR NAME
Personal name Marsh, Lawrence C.
245 #0 - TITLE STATEMENT
Title Spline regression models
260 ## - PUBLICATION, DISTRIBUTION, ETC. (IMPRINT)
Place of publication London
Name of publisher Sage Publications
Year of publication 2002
300 ## - PHYSICAL DESCRIPTION
Number of Pages 69p.
440 ## - SERIES STATEMENT/ADDED ENTRY--TITLE
Title Sage University paper series on quantitative applications in
504 ## - BIBLIOGRAPHY, ETC. NOTE
Bibliography, etc Includes bibliography
650 ## - SUBJECT ADDED ENTRY--TOPICAL TERM
Topical Term Linear regression
650 ## - SUBJECT ADDED ENTRY--TOPICAL TERM
Topical Term Mathematical statistics
700 ## - ADDED ENTRY--PERSONAL NAME
Personal name Cormier, David R.
700 ## - ADDED ENTRY--PERSONAL NAME
Personal name Lewis-Beck, Michael S
942 ## - ADDED ENTRY ELEMENTS (KOHA)
Koha item type Books
Holdings
Withdrawn status Lost status Damaged status Not for loan Home library Current library Date acquired Bill Date Full call number Accession Number Price effective from Koha item type
        NASSDOC Library NASSDOC Library 09/09/2004 2004-10-05 300.1519536 MAR-S 39735 18/04/2019 Books